Films en anagrammes ! #1 - Statistiques

Statistiques générales
  • Ce quiz a été pris 83 fois
  • Le résultat moyen est 3 sur 12
Statistiques - réponses
Indice Sortie Titre % Correct
Mad-Sniper 2002 Spider-man
72%
Tant ici 1997 Titanic
68%
Gulf Bitch 1999 Fight Club
42%
Jack sur Paris 1993 Jurassic Park
38%
Lippu confit 1994 Pulp Fiction
36%
Gala droit 2000 Gladiator
26%
Lapin rare 1972 Le Parrain
26%
Vegedream en sang 2019 Avengers : Endgame
10%
Ma coquine en rage 1971 Orange mécanique
10%
Lever le gitan 1999 La ligne verte
7%
Bernard Le Nu 1982 Blade Runner
6%
Claude le Pirate 1994 La cité de la peur
4%
Aucun quiz correspondant
Distribution des résultats
% des personnes avec chaque résultat
Percentile par nombre de réponses
Votre historique - résultats
Vous n’avez pas pris ce quiz